000 00926nam a2200265Ia 4500
001 22058
005 20260320113338.0
008 260320s9999||||xx |||||||||||||| ||und||
020 _a9786123263140
041 _aESP
082 _a001.42
_bC95
100 _aCueto, Marcos,
_eAUT
245 0 _aPublicar en la adversidad :
_bcómo elaborar un artículo científico en el Perú y América Latina
246 _a
_5
_b
250 _aPrimera edición
260 _aLima :
_bInstituto de Estudios Peruanos,
_c2025
300 _a139 páginas :
_b
_c19 cm.
_e
440 _a(Lecturas contemporáneas :
_nnúmero 27)
_v
650 _aGEN
653 _aPublicaciones cientificas; Textos académicos; Formación profesional
654 _aCHU
700 _a
_c
856 _uhttps://0u20fow7d-y-https-research-ebsco-com.itmsp.museknowledge.com/c/qxo6us/search
_zVéase además: Base de datos EBSCOhost
942 _cLIB
_dJUS
_fMAT
_2ddc
_n
999 _c22058
_d22058